000 00507nam a2200181 4500
003 SEACOMMC
005 20250412121316.0
008 240912b |||||||| |||| 00| 0 eng d
020 _a 978-81-2033-690-2
_cRs.625.00
040 _aSEACOMMC
082 _a333.7
_bW932
100 _aWright, Richard T
245 1 _aEnvironmental Science Toward a Sustainable Future
_cRichard T. Wright
250 _a9th ed.
260 _a New Delhi
_bPHI Learning
_c2007
650 _a Environmental sciences
942 _cBOOK
999 _c551
_d551